Statistics for Pokémon that Start with T

Click here to take the quiz!

General Stats

  • This quiz has been taken 1,026 times
    (498 since last reset)
  • The average score is 29 of 53

Answer Stats

GenAnswer% Correct
IVTorterra
79%
IVTurtwig
76%
ITangela
69%
IIITreecko
69%
VTympole
69%
IITyranitar
68%
VIITapu Koko
68%
VIITapu Lele
68%
VIITapu Fini
66%
IVTangrowth
65%
IIITorkoal
64%
IITyphlosion
64%
VITyrunt
64%
VITyrantrum
64%
ITentacool
64%
VIITapu Bulu
64%
ITentacruel
63%
VTynamo
63%
IIITorchic
63%
IITotodile
63%
ITauros
61%
IITyrogue
59%
IIITrapinch
59%
VTepig
58%
IVTogekiss
58%
IITogepi
58%
IITogetic
58%
VITrevenant
57%
VTornadus
55%
VTrubbish
54%
VIITrumbeak
53%
IIITropius
51%
IIITaillow
51%
VIITorracat
50%
VIIToucannon
49%
VTerrakion
49%
VITalonflame
49%
VThundurus
49%
VIITurtonator
48%
IITeddiursa
46%
VTimburr
45%
VTirtouga
43%
VIITogedemaru
41%
VIITsareena
39%
IVToxicroak
38%
VIIIThwackey
37%
VTranquill
37%
VThroh
36%
VIIToxapex
35%
VIIIToxel
33%
VIIIToxtricity
32%
VIIType: Null
29%
VIIIThievul
20%

Score Distribution

Percentile by Number Answered

Percent of People with Each Score

Your Score History

You have not taken this quiz since the last reset